|
|
|
|
| LEADER |
01915nam a22003974a 4500 |
| 001 |
EBC3414519 |
| 003 |
MiAaPQ |
| 005 |
20200520144314.0 |
| 006 |
m o d | |
| 007 |
cr cn||||||||| |
| 008 |
050614s2005 miua sb s001 0 eng |
| 010 |
|
|
|z 2005016620
|
| 020 |
|
|
|z 047209906X (cloth : alk. paper)
|
| 020 |
|
|
|z 0472069063 (pbk. : alk. paper)
|
| 035 |
|
|
|a (MiAaPQ)EBC3414519
|
| 035 |
|
|
|a (Au-PeEL)EBL3414519
|
| 035 |
|
|
|a (CaPaEBR)ebr10331706
|
| 035 |
|
|
|a (CaONFJC)MIL242332
|
| 035 |
|
|
|a (OCoLC)743199460
|
| 040 |
|
|
|a MiAaPQ
|c MiAaPQ
|d MiAaPQ
|
| 050 |
|
4 |
|a HF1418.7
|b .C53 2005
|
| 082 |
0 |
4 |
|a 382/.9/0904
|2 22
|
| 100 |
1 |
|
|a Chase, Kerry A.,
|d 1969-
|
| 245 |
1 |
0 |
|a Trading blocs
|h [electronic resource] :
|b states, firms, and regions in the world economy /
|c Kerry A. Chase.
|
| 260 |
|
|
|a Ann Arbor :
|b University of Michigan Press,
|c c2005.
|
| 300 |
|
|
|a xvi, 310 p. :
|b ill.
|
| 490 |
1 |
|
|a Michigan studies in international political economy
|
| 504 |
|
|
|a Includes bibliographical references (p. 273-298) and index.
|
| 505 |
0 |
|
|a Introduction: a world of trading blocs -- The argument: domestic groups and regional arrangements -- Interwar trading blocs: Japan, Britain, and Germany, 1919-39 -- The United States and multilateral trade liberalization, 1922-67 -- The EU: fortress or beachhead? -- NAFTA: the politics in the United States -- Reluctant regionalism: Japan and Asia -- Multinationals and the new regionalism.
|
| 533 |
|
|
|a Electronic reproduction. Ann Arbor, MI : ProQuest, 2015. Available via World Wide Web. Access may be limited to ProQuest affiliated libraries.
|
| 650 |
|
0 |
|a Trade blocs.
|
| 650 |
|
0 |
|a Trade blocs
|x History
|y 20th century.
|
| 655 |
|
4 |
|a Electronic books.
|
| 710 |
2 |
|
|a ProQuest (Firm)
|
| 830 |
|
0 |
|a Michigan studies in international political economy.
|
| 856 |
4 |
0 |
|u https://ebookcentral.proquest.com/lib/matrademy/detail.action?docID=3414519
|z Click to View
|